header

Hip replacement (Record no. 66515)

MARC details
000 -LEADER
fixed length control field 01290nam a2200337Ia 4500
082 04 - DEWEY DECIMAL CLASSIFICATION NUMBER
Classification number 617.5/810592
245 00 - TITLE STATEMENT
Title Hip replacement
260 ## - PUBLICATION, DISTRIBUTION, ETC. (IMPRINT)
Place of publication New York :
Name of publisher Nova Biomedical Books,
Year of publication c2009.
300 ## - PHYSICAL DESCRIPTION
Number of Pages xi, 301 p. :
Other physical details ill. (some col.)
650 #0 - SUBJECT ADDED ENTRY--TOPICAL TERM
Topical Term Total hip replacement.
Topical Term Hip joint
700 1# - ADDED ENTRY--PERSONAL NAME
Personal name Aoi, T.
Personal name Toshida, A.
856 40 - ELECTRONIC LOCATION AND ACCESS
Uniform Resource Identifier http://site.ebrary.com/lib/rucke/Doc?id=10660166

No items available.

© 2026 Rongo University
Contact us: librarian | system librarian | Rongo university